Oracle 8i programming a primer (Record no. 169775)
[ view plain ]
| 000 -LEADER | |
|---|---|
| fixed length control field | 00355nam a2200133Ia 4500 |
| 008 - FIXED-LENGTH DATA ELEMENTS--GENERAL INFORMATION | |
| fixed length control field | 231217s9999 xx 000 0 und d |
| 041 ## - LANGUAGE CODE | |
| Language code of text/sound track or separate title | English |
| 082 ## - DEWEY DECIMAL CLASSIFICATION NUMBER | |
| Classification number | 001.6424ORA SUN;1 R |
| 100 ## - MAIN ENTRY--PERSONAL NAME | |
| Personal name | Sunderraman, Rajshekhar |
| 245 #0 - TITLE STATEMENT | |
| Title | Oracle 8i programming a primer |
| 260 ## - PUBLICATION, DISTRIBUTION, ETC. | |
| Date of publication, distribution, etc. | 2000 |
| Name of publisher, distributor, etc. | Massachusetts : Addison-Wesley, |
| 300 ## - PHYSICAL DESCRIPTION | |
| Extent | xv+334 |
| 942 ## - ADDED ENTRY ELEMENTS (KOHA) | |
| Koha item type | Books |
| Date last seen | Total checkouts | Full call number | Accession number | Price effective from | Category | Lost status | Damaged status | Department | Withdrawn status | Home library | Current library | Shelving location | Entry date | Grants | Billdate | Currency symbol | Conversion rate | Discount | Old discount |
|---|---|---|---|---|---|---|---|---|---|---|---|---|---|---|---|---|---|---|---|
| 26/01/2024 | 001.6424ORA SUN;1 R | 23626 | 26/01/2024 | Books | CS | Central Library | Central Library | CS | 29/12/2003 | CS | 11/04/2005 | RS | 1 |
